Las aventuras de Huckleberry Finn / (Registro nro. 8563)

Detalles MARC
000 -LIDER
fixed length control field 01086nam a22003377a 4500
001 - NÚMERO DE CONTROL
Identificador de número de control 00260
003 - IDENTIFICACDOR DE NÚMERO DE CONTROL
control field DO-SdBNP
005 - DATE AND TIME OF LATEST TRANSACTION
control field 20171213101933.0
008 - ELEMENTOS DE LONGITUD FIJA
fixed length control field 151105b 1981 sp xxu||||| |||| 00| 0 spa d
020 ## - ISBN
International Standard Book Number 8475250017
040 ## - FUENTE DE CATALOGACIÓN
Agencia que crea de manera original el registro BPMSU
Idioma de catalogación spa
Agencia que realiza la transcripción BPMSU
041 17 - CÓDIGOS DE OBRAS TRADUCIDAS O EN VARIOS IDIOMAS
Código del idioma del texto/archivo de sonido o separata spa
Cód. del idioma original y/o traducciones intermedias del texto eng
092 ## - LOCALLY ASSIGNED DEWEY DECIMAL CALL NUMBER
Número de clasificación xxxxx
Número de ítem (Cutter) xxxxx
100 1# - ASIENTO PRINCIPAL -- NOMBRE PERSONAL
Nombre personal Twain, Mark,
Fechas asociadas con el nombre 1835-1910.
245 10 - MENCIÓN DE TITULO
Título Las aventuras de Huckleberry Finn /
Mención de responsabilidad Mark Twain ; traducción Doris Rolfe, Antonio Ferres ; ilustracion E. W. Kemble.
260 ## - PUBLICACIÓN, DISTRIBUCIÓN, ETC. (PIE DE IMPRENTA)
Lugar de publicación, distribución, etc Madrid :
Nombre del editor, distribuidor, etc. Ediciones Generales Anaya,
Fecha de publicación, distribución, etc 1981.
300 ## - DESCRIPCIÓN FÍSICA
Extensión 351 p. :
Otros detalles físicos il. ;
Dimensiones 20 cm.
490 1# - MENCIÓN DE SERIES
Mención de serie Tus libros
Volume/sequential designation 8
490 1# - MENCIÓN DE SERIES
Mención de serie Satíricos
500 ## - NOTA GENERAL
Nota general Incluye referencias bibliográficas y notas al pie de las páginas.
504 ## - NOTA DE BIBLIOGRAFÍA, ETC.
Bibliography, etc Bibliografía : p. 350-351
534 ## - NOTA SOBRE LA VERSIÓN ORIGINAL
Asiento principal del original Adventures of Huckleberry Finn.
700 ## - ASIENTO SECUNDARIO -- NOMBRE PERSONAL
Nombre personal Rolfe, Doris,
Mención de responsabilidad tr.
700 ## - ASIENTO SECUNDARIO -- NOMBRE PERSONAL
Nombre personal Ferres, Antonio,
Mención de responsabilidad tr..
700 ## - ASIENTO SECUNDARIO -- NOMBRE PERSONAL
Nombre personal Kemble, E. W.,
Mención de responsabilidad il.
830 #0 - ASIENTO SECUNDARIO DE SERIE--TÍTULO UNIFORME
Título uniforme Tus libros ;
Número de la parte o sección de una obra 8
830 ## - ASIENTO SECUNDARIO DE SERIE--TÍTULO UNIFORME
Título uniforme Satíricos
942 ## - ADDED ENTRY ELEMENTS (KOHA)
Source of classification or shelving scheme Dewey Decimal Classification
Koha item type Libros
945 ## - INFORMACIÓN DE PROCESAMIENTO LOCAL
Información de procesamiento local Inventariado extranjero 2017/ YL
956 ## - LOCAL ELECTRONIC LOCATION AND ACCESS (OCLC)
Nombre de host Lorenza Pérez
Existencias
Withdrawn status Lost status Source of classification or shelving scheme Damaged status Not for loan Collection code Home library Current library Date acquired Source of acquisition Total Checkouts Barcode Date last seen Price effective from Koha item type
    Dewey Decimal Classification     Colección General Biblioteca Pública Metropolitana Salomé Ureña Biblioteca Pública Metropolitana Salomé Ureña 11/05/2015 Donación   BPMSU15110076 11/05/2015 11/05/2015 Libros